LEADER 01001nam a2200253 u 4500 001 000000106749 003 CaOOAMICUS 005 20070906143734.0 008 070906s1998 it u000 u ita u 020 $a88-399-1590-7 040 $aPUL$bita$dPG 100 1 $aVannini, Francesco.$0(OLS)http://pul/name/56596 245 10$a1-2-3 Giovanni /$cFrancesco Vannini. 260 $aBrescia :$bQueriniana,$c1998. 300 $a148 p. ;$c21 cm. 490 1 $aLeggere oggi la Bibbia ;$v2.14 630 04$aBiblia.$pN.T.$pIohannis epistolae.$0(OLS)http://pul/subject/25830 830 0$aLeggere oggi la Bibbia ;$v2.14.$0(OLS)http://pul/title/43986 850 $aPUL 852 $aPUL$W1$xSL Religione 1$y3$m9 C 86$j120747$qStampati$B119952$CPULBib$Z2$F119952 $H78582 $82 941 1 $a8 996 $6020$a88-399-1590-7$9(OLS)http://pul/number/135477 996 $6245$a1-2-3 Giovanni$9(OLS)http://pul/title/134396 996 $6260$aBrescia :$bQueriniana$9(OLS)http://pul/publisher/47906 LEADER 01451nam a2200337 u 4500 001 000000053869 003 CaOOAMICUS 005 20070226115617.0 008 001123s2000 it u000 u ita u 020 $a8821304531 035 $a10862165 040 $aPUL$bita 245 00$aGiovani e tempo :$btra crisi, nostalgie e speranze /$ca cura di Riccardo Tonelli - Jesús Manuel García. 260 $aRoma :$bLAS,$cc2000. 300 $a254 p. ;$c24 cm 490 1 $aBiblioteca di scienze religiose ;$v161 500 $aContiene indici. 504 $aComprende indicazioni bibliografiche. 650 4$aGiovani e societŕ.$0(OLS)http://pul/subject/19325 700 1 $aGarcía, Jesús Manuel.$0(OLS)http://pul/name/32093 700 1 $aTonelli, Riccardo.$0(OLS)http://pul/name/5327 830 0$aBiblioteca di scienze religiose (Libreria Ateneo salesiano) ;$v161.$0(OLS)http://pul/title/491 850 $aPUL 852 $aPUL$W1$xSL Religione 2$y84$mTheol A3 161$j71009$nBK-PRI$b $qStampati altre collocazioni$B71009$CPULBib$Z2$F71009 $H $81 941 1 $a10 961 $aINV: 83343 983 0$aNuova biblioteca di scienze religiose. 983 0$aBiblioteca di scienze religiose (LAS) 996 $6020$a8821304531$9(OLS)http://pul/number/67880 996 $6245$aGiovani e tempo :$btra crisi, nostalgie e speranze$9(OLS)http://pul/title/72255 996 $6260$aRoma :$bLAS$9(OLS)http://pul/publisher/48069